000
00270nam a22001217a 4500
008
181005b xxu||||| |||| 00| 0 eng d
041
_a
eng
080
_a
101
100
_a
24
101
_a
FIL
245
_a
Locke's Writings and Philosophy
_c
Tagart, E
942
_2
udc
_c
BK
999
_c
48868
_d
48868